000 01337nam0a22003251 4500
001 rc\289286
005 20260406162646.0
010 _a5-265-01499-3
_bв пер.
_d1 р. 20 к.
_920000
021 _aRU
_b90-66963
035 _a(NLR Aleph) 009036060
090 _a9520515
_c9520515
100 _a20030307d1990 |||y0rusy50 ca
101 0 _arus
102 _aRU
105 _aa zr||||||b
200 1 _aВелимир Хлебников
_eприрода творчества
_fДуганов Р.В.
210 _aМосква
_cСоветский писатель
_d1990
215 _a348, [2] с., [8] л. ил.
_cил.
_d22
320 _aОсновные издания В.В. Хлебникова, литература о нем: с. 341-349
540 1 _aХлебников Велимир
600 0 1 _aХлебников
_bВ. В.
_f1885 - 1922
_gВелимир Владимирович
_91542119
_3RU\NLR\AUTH\66973648
686 0 _aШ5(2=Р)53-4Хлебников
_2rubbk
700 1 _aДуганов
_bР. В.
_f1940-1998
_gРудольф Валентинович
702 1 _4570
_8rus
_7ca
_aХлебников
_bВ.
_f1885-1922
_gВелимир
_3RU\NLR\AUTH\779596
_9119416
801 0 _aRU
_bNLR
_gpsbo
801 1 _aRU
_bELAR
_2rusmarc
801 2 _aRU
_bNLR
_c20130408
_2rusmarc
852 _aNLR
_j90-3/10602
942 _cBOOK
980 _aNB